[Event "DEM U10/U10w 2000"]
[Site "Überlingen GER"]
[Date "2000.06.05"]
[Round "4"]
[White "Gremmer, Jan"]
[Black "Weber, Kristina"]
[Result "0-1"]
[Termination "normal"]
[Board "45"]
[WhiteElo "855"]
[BlackElo "704"]
[PlyCount "70"]
[EventCountry "GER"]
[EventRounds "11"]
[EventType "swiss"]
[EventDate "2000.06.03"]

1. e4 e5 2. Nf3 Nc6 3. Nc3 Nf6 4. Bc4 Bc5 5. d3 O-O 6. Bg5 h6 7. Bh4 d6 8. Nd5
Bg4 9. Nxf6+ gxf6 10. c3 a5 11. O-O Kh7 12. h3 Bxf3 13. Qxf3 Ne7 14. Qxf6 d5
15. exd5 Qd7 16. Qxe5 Rg8 17. Qe4+ f5 18. Qf4 Bd6 19. Qf3 Ng6 20. Qh5 Nxh4 21.
Qxh4 Qg7 22. g3 f4 23. Kg2 fxg3 24. fxg3 Bxg3 25. Qe4+ Kh8 26. Qd4 Be5+ 27. Qg4
Qxg4+ 28. hxg4 Rxg4+ 29. Kh3 Rg3+ 30. Kh4 Rag8 31. d6 R8g4+ 32. Kh5 Rg5+ 33.
Kh4 Kh7 34. Rf7+ Kg6 35. Be6 Rh5# 0-1

[Event "DEM U10/U10w 2000"]
[Site "Überlingen GER"]
[Date "2000.06.07"]
[Round "6"]
[White "Schlötzer, Waldemar"]
[Black "Baldauf, Marco"]
[Result "0-1"]
[Termination "normal"]
[Board "1"]
[WhiteElo "1199"]
[BlackElo "1278"]
[PlyCount "96"]
[WhiteFideId "24602140"]
[BlackFideId "4688210"]
[EventCountry "GER"]
[EventRounds "11"]
[EventType "swiss"]
[EventDate "2000.06.03"]

1. d4 Nf6 2. c4 c5 3. d5 e6 4. Nc3 exd5 5. cxd5 d6 6. e4 g6 7. Bd3 Bg7 8. Bg5
h6 9. Bf4 a6 10. a4 O-O 11. Nge2 Re8 12. O-O Qc7 13. Qd2 Kh7 14. Rae1 Nbd7 15.
Bg3 c4 16. Bc2 Rb8 17. Nd4 Qc5 18. Rd1 b5 19. axb5 axb5 20. Ndxb5 Rxb5 21. Bxd6
Qxd6 22. Nxb5 Qb6 23. Nc3 Nc5 24. Rfe1 Nfd7 25. Ba4 Rd8 26. Bxd7 Bxd7 27. Re3
Nd3 28. Rb1 Qb3 29. Rxd3 cxd3 30. Qxd3 Rb8 31. Qd1 Bxc3 32. Qf3 Kg7 33. g4 Bxb2
34. Qf4 Qc2 35. Re1 Re8 36. e5 Qa4 37. Qf6+ Kg8 38. h3 Qa5 39. Re2 Bd4 40. Kh2
Qxd5 41. f4 Qf3 42. Rc2 Be3 43. f5 Bf4+ 44. Kg1 Qg3+ 45. Kh1 Qxh3+ 46. Kg1 Be3+
47. Rf2 Qg3+ 48. Kh1 Qxf2 0-1

[Event "DEM U10/U10w 2000"]
[Site "Überlingen GER"]
[Date "2000.06.07"]
[Round "6"]
[White "Müller, Reinhold"]
[Black "Forchmann, Georg"]
[Result "0-1"]
[Termination "normal"]
[Board "2"]
[WhiteElo "1248"]
[BlackElo "1214"]
[PlyCount "114"]
[WhiteFideId "24605875"]
[EventCountry "GER"]
[EventRounds "11"]
[EventType "swiss"]
[EventDate "2000.06.03"]

1. d4 Nf6 2. c4 g6 3. Nc3 Bg7 4. Bf4 d6 5. Nf3 O-O 6. e3 Re8 7. Be2 Nbd7 8. O-O
c6 9. Qd2 Nh5 10. Bg3 Nxg3 11. fxg3 e5 12. Bd3 Nf6 13. Ne4 Nxe4 14. Bxe4 exd4
15. exd4 Rxe4 16. Ng5 Re7 17. Qf4 f6 18. Ne4 f5 19. Nxd6 Rd7 20. c5 Bf8 21.
Nxf5 gxf5 22. Qxf5 Rg7 23. Qf4 Be6 24. b3 Qg5 25. Qe4 Bd5 26. Qd3 Re8 27. Rf4
Rf7 28. Rh4 Qe3+ 29. Qxe3 Rxe3 30. Rg4+ Kh8 31. Rf1 Re2 32. Rxf7 Bxf7 33. Rf4
Kg8 34. Rf2 Rxf2 35. Kxf2 Bd5 36. g4 Bh6 37. h4 Kf7 38. g3 Ke6 39. Ke2 Be4 40.
b4 Kd5 41. g5 Bg7 42. Ke3 Bxd4+ 43. Kf4 b6 44. cxb6 axb6 45. g4 c5 46. b5 c4
47. a4 c3 48. a5 bxa5 49. b6 Bxb6 50. h5 c2 51. g6 hxg6 52. hxg6 Bxg6 53. g5
c1=Q+ 54. Kg4 Ke4 55. Kg3 Qf4+ 56. Kg2 Qf2+ 57. Kh3 Bf5# 0-1

[Event "DEM U10/U10w 2000"]
[Site "Überlingen GER"]
[Date "2000.06.07"]
[Round "6"]
[White "Szczap, Arthur"]
[Black "Bentz, Matthias"]
[Result "0-1"]
[Termination "normal"]
[Board "3"]
[WhiteElo "925"]
[BlackElo "1623"]
[PlyCount "112"]
[WhiteFideId "24637394"]
[EventCountry "GER"]
[EventRounds "11"]
[EventType "swiss"]
[EventDate "2000.06.03"]

1. e4 e6 2. d4 d5 3. exd5 exd5 4. Nf3 Bd6 5. Bd3 Bg4 6. O-O Nc6 7. c3 Nge7 8.
Nbd2 Qd7 9. Qc2 h6 10. h3 Be6 11. Re1 O-O-O 12. b4 Rde8 13. b5 Nd8 14. a4 g5
15. a5 c6 16. c4 dxc4 17. Nxc4 Nd5 18. Nxd6+ Qxd6 19. bxc6 Qxc6 20. Qxc6+ Nxc6
21. Ba3 Nf4 22. Bc2 Nxa5 23. d5 Nxd5 24. Bb2 Nc6 25. Bxh8 Rxh8 26. Rac1 Kb8 27.
Ba4 Ncb4 28. Rb1 a5 29. Nd4 Nc3 30. Ra1 Bc8 31. Rec1 Rd8 32. Nf3 Ne2+ 33. Kh2
Nxc1 34. Rxc1 Be6 35. Bb5 Rc8 36. Rd1 Nd5 37. Bd3 Nf4 38. Be4 b5 39. Ne5 a4 40.
Nc6+ Kc7 41. Rc1 Kd7 42. Ne5+ Kd8 43. Rd1+ Ke7 44. Nc6+ Kf6 45. h4 Ne2 46.
hxg5+ hxg5 47. Rd3 Rh8+ 48. Rh3 Bxh3 49. gxh3 Nf4 50. Bg2 Nxg2 51. Kxg2 a3 52.
Nb4 Rh4 53. Nd5+ Kg7 54. Nc3 b4 55. Na2 b3 56. Nc3 b2 0-1

[Event "DEM U10/U10w 2000"]
[Site "Überlingen GER"]
[Date "2000.06.07"]
[Round "6"]
[White "Rafiee, Makan"]
[Black "Savchenko, Oleksey"]
[Result "0-1"]
[Termination "normal"]
[Board "4"]
[WhiteElo "1148"]
[BlackElo "1329"]
[PlyCount "64"]
[WhiteFideId "24609340"]
[BlackFideId "24611727"]
[EventCountry "GER"]
[EventRounds "11"]
[EventType "swiss"]
[EventDate "2000.06.03"]

1. e4 e5 2. f4 d5 3. exd5 c6 4. Nf3 exf4 5. d4 Bd6 6. c4 Ne7 7. c5 Bc7 8. d6
Ba5+ 9. Nc3 Nd5 10. Bd2 Be6 11. Be2 O-O 12. O-O Bxc3 13. bxc3 b6 14. c4 Ne3 15.
Bxe3 fxe3 16. Qc2 bxc5 17. dxc5 Nd7 18. Bd3 h6 19. Rad1 Nxc5 20. Ne5 Qb6 21.
Kh1 Nxd3 22. Qxd3 Qc5 23. Qe4 f5 24. Qf4 e2 25. Ng6 exf1=Q+ 26. Rxf1 Rf6 27.
Ne5 Rd8 28. Rd1 Rxd6 29. Rxd6 Qxd6 30. Kg1 Qd1+ 31. Kf2 Qc2+ 32. Ke1 Qe4+ 0-1

[Event "DEM U10/U10w 2000"]
[Site "Überlingen GER"]
[Date "2000.06.07"]
[Round "6"]
[White "Schneider, David"]
[Black "Körnlein, Daniel"]
[Result "1-0"]
[Termination "normal"]
[Board "5"]
[WhiteElo "1421"]
[BlackElo "1004"]
[PlyCount "53"]
[WhiteFideId "4697111"]
[EventCountry "GER"]
[EventRounds "11"]
[EventType "swiss"]
[EventDate "2000.06.03"]

1. e4 c5 2. Nf3 Nc6 3. d4 cxd4 4. Nxd4 Nf6 5. Nc3 d6 6. Be3 g6 7. f3 Bg7 8. Bc4
Bd7 9. Nd5 Ne5 10. Nxf6+ Bxf6 11. Bb3 Nc6 12. O-O O-O 13. c3 Na5 14. Bc2 Bg7
15. Nb3 Nc4 16. Qc1 Bb5 17. Re1 Nxe3 18. Qxe3 Rc8 19. Qxa7 Rc7 20. Qe3 Qc8 21.
Nd4 Bd7 22. Bb3 Kh8 23. Rad1 f5 24. exf5 gxf5 25. Qxe7 Be5 26. Rxe5 dxe5 27.
Qxe5+ 1-0

[Event "DEM U10/U10w 2000"]
[Site "Überlingen GER"]
[Date "2000.06.07"]
[Round "6"]
[White "Schmidt, David"]
[Black "Bindrich, Falko"]
[Result "0-1"]
[Termination "normal"]
[Board "6"]
[WhiteElo "1078"]
[BlackElo "1645"]
[PlyCount "72"]
[BlackFideId "4676670"]
[EventCountry "GER"]
[EventRounds "11"]
[EventType "swiss"]
[EventDate "2000.06.03"]

1. e4 c5 2. Nf3 Nc6 3. d4 cxd4 4. Nxd4 g6 5. Nc3 Bg7 6. Be3 d6 7. Qd2 Nf6 8. f3
O-O 9. O-O-O Bd7 10. Bh6 Nxd4 11. Bxg7 Nxf3 12. Qh6 Ng4 13. Qf4 Kxg7 14. Qxf3
b5 15. h3 Ne5 16. Qg3 b4 17. Nd5 a5 18. h4 h6 19. h5 g5 20. Nf4 Bg4 21. Ne2 Qb6
22. Rd5 Be6 23. Rd1 Qc6 24. Qe3 Qa4 25. Ng1 Qxa2 26. b3 Rac8 27. Bd3 Bxb3 28.
Kd2 Rxc2+ 29. Bxc2 Qxc2+ 30. Ke1 Qxd1+ 31. Kf2 Ng4+ 32. Kg3 Nxe3 33. e5 f5 34.
e6 f4+ 35. Kh2 Qg4 36. Ne2 Qxg2# 0-1

[Event "DEM U10/U10w 2000"]
[Site "Überlingen GER"]
[Date "2000.06.07"]
[Round "6"]
[White "Wittmann, Thomas"]
[Black "Mandery, Markus"]
[Result "1/2-1/2"]
[Termination "normal"]
[Board "7"]
[WhiteElo "1070"]
[BlackElo "1454"]
[PlyCount "41"]
[BlackFideId "24607126"]
[EventCountry "GER"]
[EventRounds "11"]
[EventType "swiss"]
[EventDate "2000.06.03"]

1. e4 e6 2. d3 d5 3. Nd2 c5 4. Ngf3 Nc6 5. g3 Nf6 6. Bg2 dxe4 7. dxe4 b6 8. O-O
Bb7 9. c3 Be7 10. e5 Nd7 11. Re1 Qc7 12. Qe2 O-O-O 13. Nc4 Nf8 14. Bf4 Ng6 15.
Bd2 Rd7 16. Rad1 Rhd8 17. a4 h6 18. h4 Nf8 19. Bc1 Rxd1 20. Rxd1 Rxd1+ 21. Qxd1
1/2-1/2

[Event "DEM U10/U10w 2000"]
[Site "Überlingen GER"]
[Date "2000.06.07"]
[Round "6"]
[White "Geilfuss, Albert"]
[Black "Lubbe, Nikolas"]
[Result "1-0"]
[Termination "normal"]
[Board "8"]
[WhiteElo "1297"]
[BlackElo "1110"]
[PlyCount "79"]
[BlackFideId "4694031"]
[EventCountry "GER"]
[EventRounds "11"]
[EventType "swiss"]
[EventDate "2000.06.03"]

1. e4 d5 2. exd5 Qxd5 3. Nc3 Qa5 4. d4 Nf6 5. Nf3 Bg4 6. Be2 Nc6 7. h3 Bh5 8.
Qd3 Bg6 9. Qb5 O-O-O 10. Qxa5 Nxa5 11. Bd3 Bxd3 12. cxd3 Nc6 13. Be3 Nb4 14.
Ke2 Nbd5 15. Ne4 Nxe3 16. fxe3 h6 17. Ne5 Nxe4 18. dxe4 Re8 19. Nxf7 Rh7 20.
Ne5 g5 21. Rhf1 e6 22. Rac1 Bd6 23. Nc4 Kd7 24. Nxd6 cxd6 25. Rf6 Ree7 26. Rcf1
Reg7 27. Rf8 Ke7 28. Rb8 b6 29. Rb7+ Ke8 30. Rxg7 Rxg7 31. Rf6 Rc7 32. Kd2 Rf7
33. Rxf7 Kxf7 34. g4 e5 35. Kc3 Ke6 36. Kc4 a6 37. a4 exd4 38. exd4 d5+ 39. Kd3
dxe4+ 40. Kxe4 1-0

[Event "DEM U10/U10w 2000"]
[Site "Überlingen GER"]
[Date "2000.06.07"]
[Round "6"]
[White "Dinger, Florian"]
[Black "Bömelburg, Raphael"]
[Result "1/2-1/2"]
[Termination "normal"]
[Board "9"]
[WhiteElo "1135"]
[BlackElo "1009"]
[PlyCount "89"]
[WhiteFideId "24605573"]
[BlackFideId "24692441"]
[EventCountry "GER"]
[EventRounds "11"]
[EventType "swiss"]
[EventDate "2000.06.03"]

1. e4 d5 2. exd5 Qxd5 3. Nc3 Qa5 4. d4 c6 5. Nf3 Nf6 6. g3 Bf5 7. Bd3 e6 8.
Bxf5 Qxf5 9. O-O Nbd7 10. b3 Bd6 11. Bb2 O-O-O 12. Re1 g5 13. Qd3 Qxd3 14. cxd3
Rdg8 15. Ne5 Rg7 16. Nxd7 Kxd7 17. Ne4 Rg6 18. d5 Be7 19. Bxf6 Bxf6 20. Nxf6+
Rxf6 21. dxe6+ Rxe6 22. Rxe6 Kxe6 23. Re1+ Kd7 24. d4 Re8 25. Rxe8 Kxe8 26. f4
gxf4 27. gxf4 Ke7 28. Kf2 Ke6 29. Ke3 Kf5 30. Kf3 h5 31. h3 f6 32. b4 b5 33. a3
a6 34. Ke3 Ke6 35. Kd3 f5 36. Ke3 h4 37. Kd2 Kd7 38. Ke3 Kc7 39. Kd2 Kb6 40.
Kc3 a5 41. Kc2 axb4 42. axb4 Kc7 43. Kc3 Kd6 44. Kd2 Ke6 45. Ke3 1/2-1/2

[Event "DEM U10/U10w 2000"]
[Site "Überlingen GER"]
[Date "2000.06.07"]
[Round "6"]
[White "Erben, Larissa"]
[Black "Zikeli, Saskia"]
[Result "0-1"]
[Termination "normal"]
[Board "10"]
[WhiteElo "918"]
[BlackElo "1135"]
[PlyCount "100"]
[WhiteFideId "24634590"]
[BlackFideId "24601543"]
[EventCountry "GER"]
[EventRounds "11"]
[EventType "swiss"]
[EventDate "2000.06.03"]

1. e4 e5 2. Nf3 Nc6 3. Bc4 Bc5 4. Nc3 Nf6 5. d3 h6 6. O-O d6 7. h3 O-O 8. Be3
Bb6 9. Qd2 Kh7 10. Nd5 Na5 11. Nxb6 axb6 12. Bb3 Nxb3 13. axb3 Rxa1 14. Rxa1
Bd7 15. d4 Nxe4 16. Qd3 Bf5 17. dxe5 Bg6 18. exd6 Nxd6 19. Qd2 Qe7 20. Re1 Ne4
21. Qc1 Rd8 22. Ng5+ Nxg5 23. Bxg5 Qxg5 24. Qxg5 hxg5 25. c4 Rd2 26. Re7 Rxb2
27. Rxc7 Rxb3 28. Rxb7 Rc3 29. Rxb6 Rxc4 30. Kh2 Rf4 31. Kg3 Rf6 32. Rxf6 gxf6
33. f4 Be4 34. fxg5 fxg5 35. Kh2 f5 36. g4 f4 37. Kg1 Kg6 38. Kf2 Kf6 39. Kg1
Ke5 40. Kf2 Kd4 41. h4 gxh4 42. g5 h3 43. Kg1 f3 44. g6 Bxg6 45. Kh2 f2 46.
Kxh3 f1=Q+ 47. Kg3 Ke4 48. Kg4 Qf4+ 49. Kh3 Qg5 50. Kh2 Kf3 0-1

[Event "DEM U10/U10w 2000"]
[Site "Überlingen GER"]
[Date "2000.06.07"]
[Round "6"]
[White "Lutz, Bernhard"]
[Black "Prum, Alexander"]
[Result "1-0"]
[Termination "normal"]
[Board "12"]
[WhiteElo "1113"]
[BlackElo "351"]
[PlyCount "71"]
[WhiteFideId "24628638"]
[EventCountry "GER"]
[EventRounds "11"]
[EventType "swiss"]
[EventDate "2000.06.03"]

1. e4 e5 2. Nf3 Nc6 3. Nc3 Bc5 4. Nxe5 Bxf2+ 5. Kxf2 Qf6+ 6. Nf3 d6 7. Be2 Bg4
8. Rf1 O-O-O 9. Kg1 Nge7 10. Ne1 Bxe2 11. Qxe2 Qd4+ 12. Qf2 Qe5 13. d3 g5 14.
Nf3 Qg7 15. Bxg5 f6 16. Be3 a6 17. a3 Rhg8 18. b4 f5 19. Nd5 Nxd5 20. exd5 Rde8
21. g3 Ne7 22. c4 Ng6 23. Bd4 Qh6 24. Qd2 f4 25. c5 Nh4 26. cxd6 Nxf3+ 27. Rxf3
Qh5 28. Rxf4 Re2 29. d7+ Kxd7 30. Rf7+ Kc8 31. Rxc7+ Kxc7 32. Qf4+ Kc8 33. Rc1+
Kd7 34. Rc7+ Ke8 35. Rc8+ Ke7 36. Qc7# 1-0

[Event "DEM U10/U10w 2000"]
[Site "Überlingen GER"]
[Date "2000.06.07"]
[Round "6"]
[White "Kleine, Jannik"]
[Black "Zahn, Benno"]
[Result "1-0"]
[Termination "normal"]
[Board "13"]
[WhiteElo "1205"]
[BlackElo "883"]
[PlyCount "103"]
[BlackFideId "24636070"]
[EventCountry "GER"]
[EventRounds "11"]
[EventType "swiss"]
[EventDate "2000.06.03"]

1. d4 d5 2. c4 Nf6 3. Nc3 dxc4 4. e4 e6 5. Bxc4 Bb4 6. Bg5 Bxc3+ 7. bxc3 O-O 8.
e5 h6 9. exf6 hxg5 10. fxg7 Kxg7 11. Qh5 Qf6 12. Nf3 Rh8 13. Qxg5+ Qxg5 14.
Nxg5 Rh6 15. Rb1 Rg6 16. h4 Nc6 17. g3 a6 18. d5 Ne5 19. Bb3 exd5 20. Bxd5 Be6
21. Bxe6 fxe6 22. Rxb7 Rf8 23. Rxc7+ Kg8 24. Ke2 Rgf6 25. f4 Ng4 26. Rb1 e5 27.
Rbb7 Rd8 28. Rg7+ Kh8 29. Rh7+ Kg8 30. Rbg7+ Kf8 31. Ne4 Re6 32. Rxg4 exf4 33.
Rxf4+ Ke8 34. Rh8+ Kd7 35. Rxd8+ Kxd8 36. Kd3 Kd7 37. Rf7+ Kc6 38. Rf6 Rxf6 39.
Nxf6 Kc5 40. h5 Kd6 41. h6 Ke6 42. h7 Kxf6 43. h8=Q+ Kg5 44. Qf8 Kg4 45. Qf6
Kh3 46. Qf3 a5 47. g4+ Kh4 48. g5 a4 49. g6 a3 50. g7 Kg5 51. g8=Q+ Kh6 52.
Qh1# 1-0

[Event "DEM U10/U10w 2000"]
[Site "Überlingen GER"]
[Date "2000.06.07"]
[Round "6"]
[White "Weiß, Katharina"]
[Black "Katte, Nicolas"]
[Result "1-0"]
[Termination "normal"]
[Board "14"]
[WhiteElo "897"]
[BlackElo "1148"]
[PlyCount "125"]
[WhiteFideId "24692859"]
[BlackFideId "24614149"]
[EventCountry "GER"]
[EventRounds "11"]
[EventType "swiss"]
[EventDate "2000.06.03"]

1. e4 e5 2. Nf3 Nc6 3. Nc3 Nf6 4. d4 exd4 5. Nxd4 Bc5 6. Nxc6 bxc6 7. Bg5 Be7
8. e5 Nd5 9. Bxe7 Qxe7 10. Nxd5 cxd5 11. Qxd5 c6 12. Qd4 O-O 13. Bd3 Bb7 14.
O-O Rfe8 15. Qe4 g6 16. f4 d5 17. Qd4 Qh4 18. c4 Rac8 19. Qxa7 Ba8 20. Qe3 dxc4
21. Bxc4 c5 22. Qb3 Re7 23. Rad1 Qg4 24. Bd5 c4 25. Qf3 Qxf3 26. Bxf3 Bxf3 27.
Rxf3 Ree8 28. Rc3 Rc7 29. b3 Rec8 30. Rdc1 Ra8 31. R1c2 Kf8 32. Rxc4 Rxc4 33.
bxc4 Ke7 34. Kf2 Ke6 35. Ke3 Kd7 36. Kd4 Kc6 37. c5 h6 38. Rb2 Rd8+ 39. Kc4 Ra8
40. Rb6+ Kc7 41. Rb2 Kc6 42. h4 Ra4+ 43. Rb4 Rxa2 44. Rb6+ Kc7 45. Rf6 Rxg2 46.
Rxf7+ Kd8 47. Kd5 Rg4 48. Kd6 Ke8 49. Rf6 Rxh4 50. Rxg6 h5 51. e6 Rxf4 52. Rg8+
Rf8 53. Rxf8+ Kxf8 54. c6 h4 55. c7 h3 56. c8=Q+ Kg7 57. Qc3+ Kf8 58. Qxh3 Kg7
59. Qf3 Kg6 60. e7 Kg5 61. e8=Q Kh6 62. Qf6+ Kh7 63. Qeg6# 1-0

[Event "DEM U10/U10w 2000"]
[Site "Überlingen GER"]
[Date "2000.06.07"]
[Round "6"]
[White "Jussupow, Ekaterina"]
[Black "Stock, Lara"]
[Result "0-1"]
[Termination "normal"]
[Board "15"]
[WhiteElo "746"]
[BlackElo "1114"]
[PlyCount "38"]
[WhiteFideId "24625400"]
[EventCountry "GER"]
[EventRounds "11"]
[EventType "swiss"]
[EventDate "2000.06.03"]

1. e4 e5 2. Nf3 Nc6 3. d4 exd4 4. c3 dxc3 5. Bc4 Be7 6. Qd5 Nh6 7. Bxh6 O-O 8.
Bc1 Nb4 9. Qh5 Nc2+ 10. Kd1 Nxa1 11. Ne5 c2+ 12. Kd2 cxb1=Q 13. Bxf7+ Rxf7 14.
Qxf7+ Kh8 15. Qc4 Qe8 16. Nf7+ Qxf7 17. Qxf7 Qc2+ 18. Ke1 Bb4+ 19. Kf1 Qd1# 0-1

[Event "DEM U10/U10w 2000"]
[Site "Überlingen GER"]
[Date "2000.06.07"]
[Round "6"]
[White "Seyb, Alexander"]
[Black "Bogner, Sebastian"]
[Result "1-0"]
[Termination "normal"]
[Board "17"]
[WhiteElo "1052"]
[BlackElo "768"]
[PlyCount "127"]
[WhiteFideId "4699033"]
[BlackFideId "4692055"]
[EventCountry "GER"]
[EventRounds "11"]
[EventType "swiss"]
[EventDate "2000.06.03"]

1. e4 c5 2. c3 Nf6 3. d3 d6 4. g3 Nc6 5. Bg2 e6 6. f4 Be7 7. Nf3 O-O 8. O-O d5
9. e5 Nd7 10. Na3 Qb6 11. Kh1 Qa6 12. Nc2 Nb6 13. d4 Nc4 14. Ne3 cxd4 15. Nxd4
Nxd4 16. cxd4 Bd7 17. f5 Nxe3 18. Bxe3 exf5 19. Bxd5 Bc6 20. Bxc6 Qxc6+ 21. Qf3
Qxf3+ 22. Rxf3 g6 23. Rc1 Rac8 24. Rff1 Kg7 25. Kg2 Rfd8 26. Rfd1 Bb4 27. Bg5
Rxc1 28. Rxc1 Rxd4 29. Rc7 Re4 30. Bf6+ Kh6 31. Rxb7 Re2+ 32. Kh3 g5 33. Bxg5+
Kxg5 34. Rxb4 Rxe5 35. Rb7 Kg6 36. Rxa7 Rb5 37. b3 f6 38. Ra4 Kg5 39. b4 h6 40.
a3 h5 41. Ra5 Rb6 42. b5 f4 43. gxf4+ Kxf4 44. Ra4+ Ke3 45. Rb4 f5 46. Kg2 f4
47. a4 f3+ 48. Kf1 Rd6 49. Rb1 Rd2 50. Rb3+ Kf4 51. b6 Rd1+ 52. Kf2 Rd2+ 53.
Ke1 f2+ 54. Kf1 Rd8 55. b7 Rb8 56. a5 Ke5 57. a6 Kd6 58. a7 Kc7 59. a8=Q h4 60.
Rc3+ Kb6 61. Qxb8 h3 62. Qc7+ Kb5 63. b8=R+ Ka4 64. Qa7# 1-0

[Event "DEM U10/U10w 2000"]
[Site "Überlingen GER"]
[Date "2000.06.07"]
[Round "6"]
[White "Beck, Frederik"]
[Black "Fuchs, Judith"]
[Result "1/2-1/2"]
[Termination "normal"]
[Board "18"]
[WhiteElo "969"]
[BlackElo "727"]
[PlyCount "66"]
[WhiteFideId "4687388"]
[BlackFideId "24605611"]
[EventCountry "GER"]
[EventRounds "11"]
[EventType "swiss"]
[EventDate "2000.06.03"]

1. e4 c5 2. Nf3 d6 3. d4 cxd4 4. Nxd4 Nc6 5. Nc3 g6 6. Be3 Nf6 7. Bc4 Bg7 8.
Qd2 Ng4 9. Nxc6 bxc6 10. O-O-O Nxe3 11. Qxe3 Qa5 12. Rd3 O-O 13. h4 Rb8 14. Bb3
Qb6 15. Qxb6 axb6 16. h5 Bh6+ 17. Kb1 Kg7 18. hxg6 fxg6 19. f3 Bf4 20. Ne2 Ba6
21. Nxf4 Rxf4 22. Re3 c5 23. Bd5 Bb7 24. Bxb7 Rxb7 25. g3 Rf6 26. c3 e6 27. Rf1
e5 28. Kc2 h5 29. Kb3 Rff7 30. f4 exf4 31. Rxf4 Rxf4 32. gxf4 Kf8 33. Kc4 Rf7
1/2-1/2

[Event "DEM U10/U10w 2000"]
[Site "Überlingen GER"]
[Date "2000.06.07"]
[Round "6"]
[White "Wortmann, Jonas"]
[Black "Armbrüster, Clemens"]
[Result "1-0"]
[Termination "normal"]
[Board "21"]
[WhiteElo "1184"]
[BlackElo "584"]
[PlyCount "117"]
[WhiteFideId "24628069"]
[BlackFideId "12969699"]
[EventCountry "GER"]
[EventRounds "11"]
[EventType "swiss"]
[EventDate "2000.06.03"]

1. c4 e5 2. g3 Nf6 3. Bg2 d5 4. cxd5 Nxd5 5. Nf3 Nc6 6. O-O Be7 7. d4 exd4 8.
Nxd4 Nxd4 9. Qxd4 Nf6 10. Qxd8+ Bxd8 11. Nc3 O-O 12. Bf4 c6 13. Rad1 Be7 14.
Rd2 Be6 15. Rfd1 Rfd8 16. h3 Rxd2 17. Rxd2 Rd8 18. Rxd8+ Bxd8 19. Be3 Bb6 20.
Bxb6 axb6 21. a3 Nd5 22. Ne4 g6 23. Nd6 Kf8 24. e4 Nc7 25. e5 Bd5 26. Bxd5 cxd5
27. f4 Ke7 28. Kf2 f6 29. Ke3 fxe5 30. fxe5 Ke6 31. Kd4 h6 32. g4 h5 33. a4
hxg4 34. hxg4 g5 35. b3 Kd7 36. Nxb7 Ne8 37. Kxd5 Kc7 38. Nd6 Nxd6 39. exd6+
Kd7 40. Ke5 Kd8 41. b4 Kd7 42. Kd5 Kd8 43. Kc6 Kc8 44. d7+ Kd8 45. a5 bxa5 46.
bxa5 Ke7 47. Kc7 Kf6 48. d8=Q+ Kg6 49. Qg8+ Kf6 50. Kd7 Ke5 51. Qe6+ Kd4 52.
Kd6 Kc3 53. Kc5 Kd3 54. Qe5 Kc2 55. Kc4 Kd2 56. Qe4 Kd1 57. Qg2 Ke1 58. Kd3 Kd1
59. Qd2# 1-0

[Event "DEM U10/U10w 2000"]
[Site "Überlingen GER"]
[Date "2000.06.07"]
[Round "6"]
[White "Fischer, Sven"]
[Black "Müller, Jonathan"]
[Result "1-0"]
[Termination "normal"]
[Board "22"]
[WhiteElo "1028"]
[BlackElo "487"]
[PlyCount "65"]
[EventCountry "GER"]
[EventRounds "11"]
[EventType "swiss"]
[EventDate "2000.06.03"]

1. d4 d5 2. c4 Nf6 3. cxd5 Nxd5 4. e4 Nb6 5. Nc3 e6 6. Be3 Be7 7. Rc1 c6 8. Bd3
N8d7 9. Nge2 c5 10. O-O O-O 11. Bc2 Nc4 12. b3 Nb2 13. Qd2 c4 14. Rb1 Nd3 15.
bxc4 Nb4 16. Bb3 f5 17. exf5 Rxf5 18. c5 Nd5 19. Nxd5 exd5 20. Ng3 Rf8 21.
Bxd5+ Kh8 22. Bxb7 Rb8 23. Bxc8 Qxc8 24. Rb2 Qc7 25. Rfb1 Bh4 26. Rxb8 Nxb8 27.
Qb2 h6 28. Qb7 Qxb7 29. Rxb7 a6 30. Rb6 Kh7 31. c6 a5 32. c7 Nd7 33. Rc6 1-0

[Event "DEM U10/U10w 2000"]
[Site "Überlingen GER"]
[Date "2000.06.07"]
[Round "6"]
[White "Chyzynski, David"]
[Black "Scheerer, Kim"]
[Result "1-0"]
[Termination "normal"]
[Board "24"]
[WhiteElo "793"]
[BlackElo "879"]
[PlyCount "97"]
[WhiteFideId "12956155"]
[EventCountry "GER"]
[EventRounds "11"]
[EventType "swiss"]
[EventDate "2000.06.03"]

1. e4 e5 2. Nf3 Nc6 3. d4 exd4 4. Nxd4 Nf6 5. Bg5 Be7 6. Nc3 h6 7. Bh4 d6 8.
Bb5 Bd7 9. O-O Nxe4 10. Bxe7 Qxe7 11. Re1 Ne5 12. Bxd7+ Qxd7 13. Rxe4 O-O 14.
Re1 Qe7 15. f4 Rfd8 16. Nb3 Qf6 17. fxe5 dxe5 18. Qe2 Re8 19. Rf1 Qc6 20. Qf2
Qg6 21. Qf5 Re6 22. Qxg6 Rxg6 23. Nd5 c6 24. Ne7+ Kh7 25. Nxg6 Kxg6 26. Rae1
Re8 27. Nc5 b6 28. Nd7 e4 29. Rf4 f5 30. g4 fxg4 31. Rexe4 Rxe4 32. Rxe4 Kf5
33. Ra4 Kg5 34. Rxa7 Kh4 35. Ne5 g3 36. hxg3+ Kxg3 37. Rxg7+ Kf4 38. Rc7 Kxe5
39. Rxc6 h5 40. Rxb6 h4 41. a4 h3 42. a5 h2+ 43. Kxh2 Kd5 44. a6 Kc5 45. Rb3
Kc6 46. a7 Kc7 47. a8=Q Kd6 48. Qc8 Ke5 49. Re3+ 1-0

[Event "DEM U10/U10w 2000"]
[Site "Überlingen GER"]
[Date "2000.06.07"]
[Round "6"]
[White "Günther, Christian"]
[Black "Gorodetski, Boris"]
[Result "0-1"]
[Termination "normal"]
[Board "25"]
[WhiteElo "877"]
[BlackElo "311"]
[PlyCount "44"]
[WhiteFideId "24659380"]
[EventCountry "GER"]
[EventRounds "11"]
[EventType "swiss"]
[EventDate "2000.06.03"]

1. d4 d5 2. c4 e6 3. Nc3 c6 4. Bf4 Bd6 5. Qd2 Qc7 6. Bxd6 Qxd6 7. e3 f5 8. Bd3
Nf6 9. c5 Qe7 10. Nf3 Nbd7 11. O-O O-O 12. Qc2 Ne4 13. Bxe4 fxe4 14. Ne5 Qg5
15. Nxd7 Bxd7 16. Rfe1 e5 17. Red1 Bh3 18. g3 exd4 19. exd4 Qf5 20. Re1 Qf3 21.
Qxe4 dxe4 22. Nxe4 Qg2# 0-1

[Event "DEM U10/U10w 2000"]
[Site "Überlingen GER"]
[Date "2000.06.07"]
[Round "6"]
[White "Schleißinger, Patrick"]
[Black "Schulz, Michael"]
[Result "0-1"]
[Termination "normal"]
[Board "27"]
[WhiteElo "761"]
[BlackElo "863"]
[PlyCount "58"]
[EventCountry "GER"]
[EventRounds "11"]
[EventType "swiss"]
[EventDate "2000.06.03"]

1. e4 c5 2. Nf3 d6 3. Nc3 Nc6 4. Bc4 Nf6 5. d3 g6 6. O-O Bg7 7. h3 O-O 8. Be3
Be6 9. Bxe6 fxe6 10. Ng5 Qd7 11. Qd2 b6 12. Ne2 d5 13. exd5 exd5 14. c3 d4 15.
cxd4 cxd4 16. Nxd4 Nxd4 17. Bxd4 h6 18. Nf3 Rad8 19. Bc3 Nd5 20. Bxg7 Kxg7 21.
Ne5 Qd6 22. d4 Nf4 23. Nf3 Nxh3+ 24. gxh3 Rxf3 25. Kg2 Qd5 26. Kh2 Qh5 27. Qe1
Qxh3+ 28. Kg1 Qg4+ 29. Kh2 Rh3# 0-1